Cartas edificantes, y curiosas, escritas de las missiones estrangeras[sic] de Levante / (Record no. 152991)
[ view plain ]
| 000 -LEADER | |
|---|---|
| campo de control de longitud fija | 00987nam a2200217 i 4500 |
| 001 - NÚMERO DE CONTROL | |
| campo de control | 152991 |
| 003 - IDENTIFICADOR DE NÚMERO DE CONTROL | |
| campo de control | ES-MaACL |
| 005 - FECHA Y HORA DE LA ÚLTIMA TRANSACCIÓN | |
| campo de control | 20230906204951.0 |
| 008 - DATOS DE LONGITUD FIJA--INFORMACIÓN GENERAL | |
| campo de control de longitud fija | 931025s1756 sp |||| | spa d |
| 040 ## - FUENTE DE CATALOGACIÓN | |
| Centro catalogador/agencia de origen | CARM |
| Lengua de catalogación | spa |
| Centro/agencia transcriptor | PAB |
| 245 00 - MENCIÓN DEL TÍTULO | |
| Título | Cartas edificantes, y curiosas, escritas de las missiones estrangeras[sic] de Levante / |
| Mención de responsabilidad, etc. | por algunos missioneros de la Compañía de Jesús ; traducidas por el Padre Diego Davin de la misma Compañia ; tomo decimotercio. |
| 260 ## - PUBLICACIÓN, DISTRIBUCIÓN, ETC. | |
| Lugar de publicación, distribución, etc. | En Madrid : |
| Nombre del editor, distribuidor, etc. | en la Imp. de la Viuda de Manuel Fernández, y del Supremo Consejo de la Inquisicion, |
| Fecha de publicación, distribución, etc. | 1756. |
| 300 ## - DESCRIPCIÓN FÍSICA | |
| Extensión | [4], XX, 411, [1] p. en bl. ; |
| Dimensiones | 4º. |
| 597 ## - NOTA DE DESCRIPCIÓN FÍSICA | |
| NOTA DE DESCRIPCIÓN FÍSICA | Sign.: [calderón]-3[calderón]4, A-Z4, 2A-2Z4, 3A-3E4, 3F2. |
| 650 #4 - PUNTO DE ACCESO ADICIONAL DE MATERIA--TÉRMINO DE MATERIA | |
| Término de materia o nombre geográfico como elemento de entrada | Misioneros- |
| Subdivisión geográfica | Filipinas. |
| 9 (RLIN) | 155179 |
| 650 #4 - PUNTO DE ACCESO ADICIONAL DE MATERIA--TÉRMINO DE MATERIA | |
| Término de materia o nombre geográfico como elemento de entrada | Lengua bicol. |
| 9 (RLIN) | 162861 |
| 651 #4 - PUNTO DE ACCESO ADICIONAL DE MATERIA--NOMBRE GEOGRÁFICO | |
| Nombre geográfico | Lenguas filipinas. |
| 9 (RLIN) | 206414 |
| 700 1# - ENTRADA AGREGADA--NOMBRE PERSONAL | |
| Nombre de persona | Davin, Diego. |
| 9 (RLIN) | 42950 |
| 852 ## - LOCALIZACIÓN | |
| Ubicación | ES-MaACL |
| Número de control de estantería | R-1429 |
| Nota libre | - Enc. perg. |
| condición física | - Falto de la port. |
| Encuadernación | - Olim: G-15759 |
| Estatus retirado | Estado de pérdida | Estado de daño | No para préstamo | Colección | Biblioteca de origen | Biblioteca actual | Ubicación en estantería | Fecha de adquisición | Fuente de adquisición | Total de préstamos | Signatura topográfica completa | Código de barras | Visto por última vez | Precio de reemplazo | Tipo de ítem Koha |
|---|---|---|---|---|---|---|---|---|---|---|---|---|---|---|---|
| Libros del s. XVIII | Biblioteca del Ateneo de Madrid | Biblioteca del Ateneo de Madrid | Depósito | 17/01/2008 | R-1429 | 1159826 | 23/02/2023 | 23/02/2023 | Libro impreso antiguo |
